[Event "Titled Tuesday intern op 25th Jul Late"]
[Site "Chess.com INT"]
[Date "2023.07.25"]
[Round "10"]
[White "Lutz, Igor Oscar"]
[Black "Garcia Correa, Jose Ricardo"]
[Result "0-1"]
[WhiteElo "1947"]
[BlackElo "2103"]
[PlyCount "76"]
[EventDate "2023.07.25"]
[EventType "swiss (blitz)"]
[EventRounds "11"]
[EventCountry "USA"]
[SourceTitle "EXT 2024"]
[Source "ChessBase"]
[SourceDate "2023.10.10"]
[SourceVersion "1"]
[SourceVersionDate "2023.10.10"]
[SourceQuality "1"]

1. d4 Nf6 2. c4 e6 3. g3 c5 4. d5 exd5 5. cxd5 d6 6. Nc3 g6 7. Nf3 Bg7 8. Bg2 0-0 9. 0-0 Re8 10. Nd2 Nbd7 11. Nc4 Nb6 12. Qb3 Nxc4 13. Qxc4 a6 14. a4 b5 15. Qd3 b4 16. Ne4 Bf5 17. Nxf6+ Qxf6 18. e4 Bd7 19. Bf4 g5 20. Bc1 h6 21. Rb1 Bxa4 22. b3 Bb5 23. Qd2 Bxf1 24. Bxf1 Rxe4 25. Bb2 Qe7 26. Bxg7 Kxg7 27. Bd3 Re5 28. Qb2 Qf6 29. Bc4 a5 30. Qd2 a4 31. bxa4 Rxa4 32. Bb5 Ra3 33. Re1 Rxe1+ 34. Qxe1 Qe5 35. Qd2 Qe4 36. Qb2+ Qd4 37. Qe2 Qxd5 38. Bc4 Ra1+ 0-1

[Event "Titled Tuesday intern op 25th Jul Late"]
[Site "Chess.com INT"]
[Date "2023.07.25"]
[Round "3"]
[White "Lutz, Igor Oscar"]
[Black "Kostiukov, Alexandr"]
[Result "0-1"]
[WhiteElo "1947"]
[BlackElo "2271"]
[PlyCount "78"]
[EventDate "2023.07.25"]
[EventType "swiss (blitz)"]
[EventRounds "11"]
[EventCountry "USA"]
[SourceTitle "EXT 2024"]
[Source "ChessBase"]
[SourceDate "2023.10.10"]
[SourceVersion "1"]
[SourceVersionDate "2023.10.10"]
[SourceQuality "1"]

1. d4 g6 2. c4 Bg7 3. Nc3 d6 4. e4 e5 5. Nf3 exd4 6. Nxd4 Nc6 7. Be3 Nge7 8. f3 0-0 9. Qd2 f5 10. Be2 fxe4 11. Nxe4 Nf5 12. Nxf5 Bxf5 13. 0-0 Bxe4 14. fxe4 Qe7 15. Bf3 Qe5 16. b3 Nd4 17. Rad1 c5 18. Bh6 Bxh6 19. Qxh6 Rf4 20. Rd3 Raf8 21. Qh3 Qxe4 22. Qg3 Qxd3 23. Bd5+ Kg7 24. Qxd3 Rxf1+ 25. Qxf1 Rxf1+ 26. Kxf1 b6 27. Kf2 Kf6 28. Ke3 Ke5 29. Bg8 h6 30. Bf7 g5 31. g3 Nc2+ 32. Kd3 Nb4+ 33. Ke3 Nxa2 34. h4 Nc1 35. hxg5 hxg5 36. Bd5 Nxb3 37. Kd3 Nd4 38. Kc3 b5 39. cxb5 Kxd5 0-1

[Event "Titled Tuesday intern op 25th Jul Late"]
[Site "Chess.com INT"]
[Date "2023.07.25"]
[Round "5"]
[White "Lutz, Igor Oscar"]
[Black "Mendez Machado, Andre"]
[Result "0-1"]
[WhiteElo "1947"]
[BlackElo "2074"]
[PlyCount "66"]
[EventDate "2023.07.25"]
[EventType "swiss (blitz)"]
[EventRounds "11"]
[EventCountry "USA"]
[SourceTitle "EXT 2024"]
[Source "ChessBase"]
[SourceDate "2023.10.10"]
[SourceVersion "1"]
[SourceVersionDate "2023.10.10"]
[SourceQuality "1"]

1. d4 Nf6 2. c4 e6 3. g3 d5 4. Nf3 Be7 5. Bg2 0-0 6. 0-0 dxc4 7. Qa4 a6 8. Qxc4 b5 9. Qc2 Bb7 10. Rd1 Be4 11. Qd2 Nbd7 12. Nc3 Bb7 13. Qe1 b4 14. Na4 Ne4 15. Ne5 Nxe5 16. dxe5 Qe8 17. b3 f5 18. exf6 Bxf6 19. Bb2 Bxb2 20. Nxb2 Rb8 21. f3 Nc3 22. Rd3 a5 23. Nc4 Ba6 24. e4 Qc6 25. Kh1 Bxc4 26. bxc4 Qxc4 27. Rd7 Rbd8 28. Qd2 Rxd7 29. Qxd7 a4 30. Bh3 Kh8 31. Bxe6 Qe2 32. Qe7 Qxf3+ 33. Kg1 Ne2# 0-1